Statistics for Pennsylvania School Districts

Click here to take the quiz!

General Stats

  • This quiz has been taken 52 times
    (50 since last reset)
  • The average score is 33 of 499

Answer Stats

School District% Correct
Pittsburgh
42%
William Penn
42%
Lancaster
38%
Montour
38%
Reading
38%
Scranton
38%
Union
35%
Williamsport Area
35%
York City
35%
Lebanon
31%
Altoona Area
27%
Bethel Park
27%
Bethlehem Area
27%
Butler Area
27%
Central Dauphin
27%
Danville Area
27%
Easton Area
27%
Erie City
27%
Keystone
27%
Keystone Central
27%
Lower Merion
27%
Shikellamy
27%
State College Area
27%
Wilkes-Barre Area
27%
Bellefonte Area
23%
Carlisle Area
23%
East Penn
23%
Harrisburg City
23%
Mechanicsburg Area
23%
Mifflin County
23%
Shamokin Area
23%
Upper Darby
23%
Washington
23%
Abington
19%
Bloomsburg Area
19%
Central York
19%
Elk Lake
19%
Gettysburg Area
19%
Jersey Shore Area
19%
Lewisburg Area
19%
Line Mountain
19%
Mifflinburg Area
19%
Montoursville Area
19%
Norristown Area
19%
Warrior Run
19%
West Shore
19%
Abington Heights
15%
Allentown City
15%
Bald Eagle Area
15%
Bedford Area
15%
Berwick Area
15%
Camp Hill
15%
Central Bucks
15%
Garnet Valley
15%
Hazleton Area
15%
Hempfield
15%
Hollidaysburg Area
15%
Midd-West
15%
Milton Area
15%
Mount Carmel Area
15%
New Castle Area
15%
Oil City Area
15%
Pine-Richland
15%
Punxsutawney Area
15%
Selinsgrove Area
15%
Seneca Valley
15%
Somerset Area
15%
Souderton Area
15%
South Williamsport Area
15%
Wellsboro Area
15%
West Chester Area
15%
Wilson
15%
Aliquippa
12%
Boyertown Area
12%
Bradford Area
12%
Brookville Area
12%
Cambria Heights
12%
Cameron County
12%
Claysburg-Kimmel
12%
Clearfield Area
12%
Cranberry Area
12%
Cumberland Valley
12%
Dallas
12%
Downingtown Area
12%
DuBois Area
12%
East Stroudsburg Area
12%
Franklin Area
12%
Great Valley
12%
Hatboro-Horsham
12%
Huntingdon Area
12%
Indiana Area
12%
Juniata County
12%
Lower Dauphin
12%
Marple Newtown
12%
Montrose Area
12%
Muncy
12%
Neshaminy
12%
Northern Cambria
12%
Northern York County
12%
North Hills
12%
Northwestern
12%
Penn Cambria
12%
Penn Hills
12%
Pennsbury
12%
Pottstown
12%
Purchase Line
12%
Red Lion Area
12%
Richland
12%
Southern Columbia Area
12%
Southern York County
12%
St. Marys Area
12%
Susquenita
12%
Tunkhannock Area
12%
Tussey Mountain
12%
Tyrone Area
12%
Unionville-Chadds Ford
12%
United
12%
West Branch Area
12%
Windber Area
12%
Allegheny-Clarion Valley
8%
Ambridge Area
8%
Armstrong
8%
Beaver Area
8%
Bensalem Township
8%
Berlin Brothersvalley
8%
Blairsville-Saltsburg
8%
Brockway Area
8%
Canton Area
8%
Centennial
8%
Central Cambria
8%
Central Columbia
8%
Chester-Upland
8%
Clarion Area
8%
Corry Area
8%
Coudersport Area
8%
Council Rock
8%
Curwensville Area
8%
Dallastown Area
8%
Derry Area
8%
Derry Township
8%
Dover Area
8%
Everett Area
8%
Fairview
8%
Farrell Area
8%
Glendale
8%
Greater Johnstown
8%
Grove City Area
8%
Hanover Area
8%
Harmony Area
8%
Haverford Township
8%
Homer-Center
8%
Interboro
8%
Jim Thorpe Area
8%
Johnsonburg Area
8%
Juniata Valley
8%
Kane Area
8%
Karns City Area
8%
Kutztown Area
8%
Loyalsock Township
8%
Mahanoy Area
8%
Mars Area
8%
Mercer Area
8%
Millcreek Township
8%
Montgomery Area
8%
Moshannon Valley
8%
Muhlenberg
8%
North Allegheny
8%
North East
8%
Northern Lehigh
8%
North Penn
8%
North Star
8%
Northwestern Lehigh
8%
Otto-Eldred
8%
Owen J. Roberts
8%
Oxford Area
8%
Parkland
8%
Penn-Delco
8%
Penn Manor
8%
Penns Valley Area
8%
Perkiomen Valley
8%
Philipsburg-Osceola Area
8%
Phoenixville Area
8%
Pottsville Area
8%
Radnor Township
8%
Ridgway Area
8%
Ridley
8%
Rose Tree Media
8%
Saucon Valley
8%
Schuylkill Haven Area
8%
Schuylkill Valley
8%
Shaler Area
8%
Shippensburg Area
8%
Slippery Rock Area
8%
Smethport Area
8%
South Allegheny
8%
Southern Fulton
8%
Southern Lehigh
8%
Spring Cove
8%
Stroudsburg Area
8%
Sullivan County
8%
Susquehanna Township
8%
Tredyffrin-Easttown
8%
Turkeyfoot Valley Area
8%
Uniontown Area
8%
Upper Merion Area
8%
Upper Moreland Township
8%
Wallingford-Swarthmore
8%
Warwick
8%
West Mifflin Area
8%
Westmont Hilltop
8%
West Perry
8%
Wilson Area
8%
Wyomissing Area
8%
Allegheny Valley
4%
Annville-Cleona
4%
Austin Area
4%
Bermudian Springs
4%
Big Spring
4%
Blackhawk
4%
Blacklick Valley
4%
Blue Mountain
4%
Brandywine Heights Area
4%
Bristol Township
4%
Burgettstown Area
4%
California Area
4%
Catasauqua Area
4%
Central Fulton
4%
Chambersburg Area
4%
Chartiers Valley
4%
Cheltenham Township
4%
Chestnut Ridge
4%
Chichester
4%
Clarion-Limestone Area
4%
Colonial
4%
Conemaugh Township Area
4%
Conemaugh Valley
4%
Conestoga Valley
4%
Conneaut
4%
Cornwall-Lebanon
4%
Donegal
4%
Dunmore
4%
East Allegheny
4%
Eastern Lebanon County
4%
Eastern York
4%
East Lycoming
4%
East Pennsboro Area
4%
Ephrata Area
4%
Exeter Township
4%
Fairfield Area
4%
Fannett-Metal
4%
Ferndale Area
4%
Fleetwood Area
4%
Forest Hills
4%
Fox Chapel Area
4%
Franklin Regional
4%
Freeport Area
4%
Galeton Area
4%
Girard
4%
Governor Mifflin
4%
Greater Latrobe
4%
Greensburg Salem
4%
Halifax Area
4%
Hamburg Area
4%
Hampton Township
4%
Harbor Creek
4%
Highlands
4%
Iroquois
4%
Jamestown Area
4%
Jenkintown
4%
Kiski Area
4%
Lampeter-Strasburg
4%
Lehighton Area
4%
Ligonier Valley
4%
Lower Moreland Township
4%
Manheim Township
4%
McKeesport Area
4%
Methacton
4%
Meyersdale Area
4%
Millersburg Area
4%
Moniteau
4%
Moon Area
4%
Mountain View
4%
Mount Pleasant Area
4%
Mount Union Area
4%
New Hope-Solebury
4%
Northampton Area
4%
North Clarion County
4%
Northern Bedford County
4%
Northern Lebanon
4%
North Schuylkill
4%
Octorara Area
4%
Oswayo Valley
4%
Palisades
4%
Palmyra Area
4%
Panther Valley
4%
Pen Argyl Area
4%
Pennridge
4%
Penns Manor Area
4%
Peters Township
4%
Pleasant Valley
4%
Pocono Mountain
4%
Portage Area
4%
Port Allegany
4%
Pottsgrove
4%
Redbank Valley
4%
Rockwood Area
4%
Salisbury-Elk Lick
4%
Shade-Central City
4%
Shenango Area
4%
Southern Huntingdon County
4%
South Fayette Township
4%
South Middleton
4%
South Western
4%
Springfield
4%
Springfield Township
4%
Spring-Ford Area
4%
Steelton-Highspire
4%
Titusville Area
4%
Towanda Area
4%
Tulpehocken Area
4%
Union Area
4%
Union City Area
4%
Upper Dauphin Area
4%
Upper Dublin
4%
Upper Perkiomen
4%
Upper Saint Clair
4%
Warren County
4%
Wattsburg Area
4%
West Allegheny
4%
West York Area
4%
Whitehall-Coplay
4%
Wissahickon
4%
York Suburban
4%
Yough
4%
Albert Gallatin Area
0%
Antietam
0%
Apollo-Ridge
0%
Athens Area
0%
Avella Area
0%
Avon Grove
0%
Avonworth
0%
Baldwin-Whitehall
0%
Bangor Area
0%
Belle Vernon Area
0%
Bellwood-Antis
0%
Benton Area
0%
Bentworth
0%
Bethlehem-Center
0%
Big Beaver Falls Area
0%
Blue Ridge
0%
Brentwood Borough
0%
Bristol Borough
0%
Brownsville Area
0%
Burrell
0%
Canon-McMillan
0%
Carbondale Area
0%
Carlynton
0%
Carmichaels Area
0%
Central Greene
0%
Central Valley
0%
Charleroi
0%
Chartiers-Houston
0%
Clairton City
0%
Coatesville Area
0%
Cocalico
0%
Columbia Borough
0%
Commodore Perry
0%
Conewago Valley
0%
Connellsville Area
0%
Conrad Weiser Area
0%
Cornell
0%
Crawford Central
0%
Crestwood
0%
Daniel Boone Area
0%
Deer Lakes
0%
Delaware Valley
0%
Duquesne City
0%
Eastern Lancaster County
0%
Elizabeth Forward
0%
Elizabethtown Area
0%
Ellwood City Area
0%
Forbes Road
0%
Forest Area
0%
Forest City Regional
0%
Fort Cherry
0%
Fort LeBoeuf
0%
Frazier
0%
Freedom Area
0%
Gateway
0%
General McLane
0%
Greater Nanticoke Area
0%
Greencastle-Antrim
0%
Greenville Area
0%
Greenwood
0%
Hanover Public
0%
Hempfield Area
0%
Hermitage
0%
Hopewell Area
0%
Jeannette City
0%
Jefferson-Morgan
0%
Kennett Consolidated
0%
Keystone Oaks
0%
Lackawanna Trail
0%
Lakeland
0%
Lake-Lehman
0%
Lakeview
0%
Laurel
0%
Laurel Highlands
0%
Leechburg Area
0%
Littlestown Area
0%
Manheim Central
0%
Marion Center Area
0%
McGuffey
0%
Middletown Area
0%
Midland Borough
0%
Mid Valley
0%
Millville Area
0%
Minersville Area
0%
Mohawk Area
0%
Monessen City
0%
Morrisville Borough
0%
Mt. Lebanon
0%
Nazareth Area
0%
Neshannock Township
0%
New Brighton Area
0%
New Kensington-Arnold
0%
Newport
0%
Northeast Bradford
0%
Northeastern York
0%
Northern Potter
0%
Northern Tioga
0%
Northgate
0%
North Pocono
0%
Northwest Area
0%
Norwin
0%
of Philadelphia
0%
Old Forge
0%
Oley Valley
0%
Palmerton Area
0%
Penncrest
0%
Penn-Trafford
0%
Pequea Valley
0%
Pine Grove Area
0%
Pittston Area
0%
Plum Borough
0%
Quakertown Community
0%
Quaker Valley
0%
Reynolds
0%
Ringgold
0%
Riverside
0%
Riverside Beaver County
0%
Riverview
0%
Rochester Area
0%
Saint Clair Area
0%
Salisbury Township
0%
Sayre Area
0%
Shanksville-Stonycreek
0%
Sharon City
0%
Sharpsville Area
0%
Shenandoah Valley
0%
Solanco
0%
South Butler County
0%
Southeast Delco
0%
South Eastern
0%
Southeastern Greene
0%
Southern Tioga
0%
Southmoreland
0%
South Park
0%
South Side Area
0%
Spring Grove Area
0%
Steel Valley
0%
Sto-Rox
0%
Susquehanna Community
0%
Tamaqua Area
0%
Trinity Area
0%
Tri-Valley
0%
Troy Area
0%
Tuscarora
0%
Twin Valley
0%
Upper Adams
0%
Valley Grove
0%
Valley View
0%
Wallenpaupack Area
0%
Wayne Highlands
0%
Waynesboro Area
0%
Weatherly Area
0%
Western Beaver County
0%
Western Wayne
0%
West Greene
0%
West Jefferson Hills
0%
West Middlesex Area
0%
Wilkinsburg Borough
0%
Williamsburg Community
0%
Williams Valley
0%
Wilmington Area
0%
Woodland Hills
0%
Wyalusing Area
0%
Wyoming Area
0%
Wyoming Valley West
0%

Score Distribution

Percentile by Number Answered

Percent of People with Each Score

Your Score History

You have not taken this quiz since the last reset